000 00553nam a22001817a 4500
999 _c8329
_d8329
008 201113b ||||| |||| 00| 0 eng d
040 _aBMS College of Architecture
100 _aTophakhane, Harshita
245 _aUrban void - A forest full of life
300 _a67p.
500 _a1BM15AT031
502 _8B,Arch
_NBMS College of Architecture, Visvesvaraya Technological University (VTU)
_aProject report
_d2019
650 _aUrban
650 _aA forest
700 _aMaithily Velangi
_eGuide
700 _aPraveen Alva
_eGuide
942 _2ddc
_cTHE